Confessions of shameless SELF - promoters

Bewaard in:
Bibliografische gegevens
Formaat: Sách
Taal:Undetermined
Gepubliceerd in: MCGraw-Hill  2006
Onderwerpen:
Tags: Voeg label toe
Geen labels, Wees de eerste die dit record labelt!
Thư viện lưu trữ: Trung tâm Thư viện - Trường Đại học Công nghiệp TP. Hồ Chí Minh
LEADER 00417nam a2200133Ia 4500
001 UIH_08019
008 231011s9999 xx 000 0 und d
082 |a  658.85 
245 0 |a  Confessions of shameless SELF - promoters 
260 |b MCGraw-Hill  
260 |c  2006 
650 |a  Quản trị kinh doanh;  
927 |a Sách 
980 |a Trung tâm Thư viện - Trường Đại học Công nghiệp TP. Hồ Chí Minh